Bomby nad Bratislavou 1944-1945 /

Hlavní autor: Kaššák, Peter
Další autoři: Kršák, Pavol, Tupý, Ľuboš
Jazyk: Slovenština
Vydáno: Praha : Ottovo nakladatelství, s.r.o., 2016
Témata:
Fyzický popis: 192 stran : ilustrace (některé barevné), plány, faksimile ; 29 cm
Knihy
Uloženo v:
LEADER 02554nam a2200661 i 4500
001 nkc20142625745
003 CZ PrNK
005 20170210125023.0
007 ta
008 140919s2016 xr aeh f 000 0dslo
015 |a cnb002625745 
020 |a 978-80-7451-397-8  |q (vázáno) 
035 |a (OCoLC)953515412 
040 |a BOA001  |b cze  |e rda 
043 |a e-xo---  |a n-us--- 
045 |a x4x4 
072 7 |a 355/359  |x Vojenství. Obrana země. Ozbrojené síly  |2 Konspekt  |9 15 
080 |a 334.716  |2 MRF 
080 |a 358.4  |2 MRF 
080 |a 355.469.2  |2 MRF 
080 |a 355.48(100)"1939/1945"  |2 MRF 
080 |a 94(437.6)  |2 MRF 
080 |a (73)  |2 MRF 
080 |a (048.8)  |2 MRF 
080 |a (084.12)  |2 MRF 
100 1 |a Kaššák, Peter  |7 kv2009437809  |4 aut 
245 1 0 |a Bomby nad Bratislavou 1944-1945 /  |c Peter Kaššák, Pavol Kršák, Ľuboš Tupý 
264 1 |a Praha :  |b Ottovo nakladatelství, s.r.o.,  |c 2016 
300 |a 192 stran :  |b ilustrace (některé barevné), plány, faksimile ;  |c 29 cm 
336 |a text  |b txt  |2 rdacontent 
336 |a statický obraz  |b sti  |2 rdacontent 
337 |a bez média  |b n  |2 rdamedia 
338 |a svazek  |b nc  |2 rdacarrier 
610 2 7 |a Apollo (firma)  |7 kn20081114002  |2 czenas 
610 1 7 |a Spojené státy americké.  |b Air Force  |7 kn20030912001  |2 czenas 
648 7 |a 1944-1945  |7 ch967355  |2 czenas 
648 7 |a 1939-1945  |7 ch460653  |2 czenas 
650 0 7 |a průmyslové podniky  |7 ph115931  |z Slovensko  |2 czenas 
650 0 7 |a vojenské letectvo  |7 ph116625  |z Spojené státy americké  |y 1939-1945  |2 czenas 
650 0 7 |a bombardování  |7 ph114187  |z Slovensko  |y 1939-1945  |2 czenas 
650 0 7 |a druhá světová válka (1939-1945)  |7 ph117270  |z Slovensko  |2 czenas 
650 0 9 |a industrial enterprises  |z Slovakia  |2 eczenas 
650 0 9 |a air forces  |z United States  |y 1939-1945  |2 eczenas 
650 0 9 |a bombardment  |z Slovakia  |y 1939-1945  |2 eczenas 
650 0 9 |a World War (1939-1945)  |z Slovakia  |2 eczenas 
651 7 |a Bratislava (Slovensko)  |7 ge128816  |x dějiny  |y 1939-1945  |2 czenas 
651 9 |a Bratislava (Slovakia)  |x history  |y 1939-1945  |2 eczenas 
655 7 |a monografie  |7 fd132842  |2 czenas 
655 7 |a fotografické publikace  |7 fd132276  |2 czenas 
655 9 |a monographs  |2 eczenas 
655 9 |a photographical works  |2 eczenas 
700 1 |a Kršák, Pavol  |7 jx20090120018  |4 aut 
700 1 |a Tupý, Ľuboš  |4 aut 
910 2 |a BOA001  |b 4-1370.215 
990 |a BK 
995 |a 01 
991 |b 201606  |c NOV 
996 6 |b 2610673724  |c 4-1370.215  |l MZK  |r Sklad / do 1 hodiny  |n 2  |p p.v.  |w 001566213  |u 000010  |a 1  |e BOA001  |j MZK50  |s P